Учение о пище (Запись № 4036656)

Подробности
000 -МАРКЕР
контрольное поле 01942nam0a2200373 4500
001 - ИДЕНТИФИКАТОР ЗАПИСИ
контрольное поле RU\NLR\bibl\1988484
005 - ИДЕНТИФИКАТОР ВЕРСИИ
контрольное поле 20260405220535.0
021 ## - НОМЕР ГОСУДАРСТВЕННОЙ РЕГИСТРАЦИИ
Код страны Российская Федерация
Номер 2012-99678
Номер Листа государственной регистраци 7355
035 ## - ДРУГИЕ СИСТЕМНЫЕ НОМЕРА
Идентификатор записи (nilc)RuMoRGB-006511246
035 ## - ДРУГИЕ СИСТЕМНЫЕ НОМЕРА
Идентификатор записи (NLR Aleph) 001977047
100 ## - ДАННЫЕ ОБЩЕЙ ОБРАБОТКИ
Данные общей обработки 20130114e20121863|||y0rusy50 ca
101 1# - ЯЗЫК РЕСУРСА
Язык текста, звукозаписи и т.д. русский
Язык оригинала немецкий
102 ## - СТРАНА ПУБЛИКАЦИИ ИЛИ ПРОИЗВОДСТВА
Страна публикации Российская Федерация
105 ## - ПОЛЕ КОДИРОВАННЫХ ДАННЫХ: ТЕКСТОВЫЕ МАТЕРИАЛЫ, МОНОГРАФИЧЕСКИЕ
Кодированные данные о монографическом текстовом документе y |||||||||
200 1# - ЗАГЛАВИЕ И СВЕДЕНИЯ ОБ ОТВЕТСТВЕННОСТИ
Основное заглавие Учение о пище
Первые сведения об ответственности [общепонятно излож. Я. Молешоттом]
205 ## - СВЕДЕНИЯ ОБ ИЗДАНИИ
Сведения об издании [Репр. изд.]
210 ## - ПУБЛИКАЦИЯ, РАСПРОСТРАНЕНИЕ И ДР.
Место издания, распространения и т.д. [Б. м.
Имя издателя, распространителя и т. д. б. и.
Дата издания, распространения и т.д. 2012?]
215 ## - ФИЗИЧЕСКАЯ ХАРАКТЕРИСТИКА
Специфическое обозначение материала и объем [4], 226, 7 с.
Другие сведения о физической характеристике портр.
Размеры 22
300 ## - ОБЩИЕ ПРИМЕЧАНИЯ
Текст примечания Описано по обл.
300 ## - ОБЩИЕ ПРИМЕЧАНИЯ
Текст примечания Авт. указан на тит. л. ориг. изд.
300 ## - ОБЩИЕ ПРИМЕЧАНИЯ
Текст примечания На тит. л. ориг. изд.: Учение о пище, общепонятно изложенное Я. Молешоттом. Переведено с третьего немецкого издания. С.-Петербург: издание кн. магазина Серно-Соловьевича, 1863
455 #0 - ОРИГИНАЛ, С КОТОРОГО СДЕЛАНА КОПИЯ
Встроенное поле 2001#$aУчение о пище, общепонятно изложенное Я. Молешоттом$eпереведено с третьего немецкого издания
-- 210##$aСанкт-Петербург$d1863
Заглавие Учение о пище, общепонятно изложенное Я. Молешоттом
606 1# - НАИМЕНОВАНИЕ ТЕМЫ КАК ПРЕДМЕТ
Наименование темы Питание
Тематический подзаголовок Гигиена
Системный номер авторитетной/нормативной записи 1181108
Идентификатор авторитетной/нормативной записи RU\NLR\AUTH\66157651
606 1# - НАИМЕНОВАНИЕ ТЕМЫ КАК ПРЕДМЕТ
Наименование темы Пищевые продукты
Тематический подзаголовок Пищевая ценность
Системный номер авторитетной/нормативной записи 1402125
Идентификатор авторитетной/нормативной записи RU\NLR\AUTH\66590112
686 1# - ИНДЕКСЫ ДРУГИХ КЛАССИФИКАЦИЙ
Индекс Р123
700 #1 - ИМЯ ЛИЦА - ПЕРВИЧНАЯ ОТВЕТСТВЕННОСТЬ
Код отношения Автор
Материалы, к которым относится поле rus
Графика поля Кириллица
Начальный элемент ввода Молешот
Часть имени, кроме начального элемента ввода Я.
Даты 1822-1893
Расширение инициалов личного имени Яков
Идентификатор авторитетной/нормативной записи RU\NLR\auth\7798938
Системный номер авторитетной/нормативной записи 81864
801 #0 - ИСТОЧНИК ЗАПИСИ
Страна Российская Федерация
Организация RuMoRKP
Дата составления 20130114
Правила каталогизации RCR
801 #2 - ИСТОЧНИК ЗАПИСИ
Страна Российская Федерация
Организация РГБ
Дата составления 20130122
Правила каталогизации rcr
801 #1 - ИСТОЧНИК ЗАПИСИ
Страна Российская Федерация
Организация RuMoRKP
Дата составления 20130114
Источник данных rusmarc
801 #2 - ИСТОЧНИК ЗАПИСИ
Страна Российская Федерация
Организация NLR
Дата составления 20130118
Правила каталогизации rcr
942 ## - ДОПОЛНИТЕЛЬНЫЕ ЭЛЕМЕНТЫ ЗАПИСИ (АБИС)
Тип экземпляра АБИС Книга
980 ## - КОЛЛЕКЦИЯ
Название коллекции Национальная библиография
Экземпляры
Тип экземпляра Дата поступления Источник поступления Библиотека постоянного хранения Библиотека текущего хранения Место хранения Шифр хранения Штрих-код Статус экземпляра
Книга 18.01.2013 Обязательный экземпляр РНБ (Московский) РНБ (Московский) Русский книжный фонд: издания с 1957 года 2013-5/336 1-314119  
Книга 18.01.2013 Обязательный экземпляр РНБ (Московский) РНБ (Московский) Русский книжный фонд: издания с 1957 года 2013-5/336 3806512